| 000 | 01089nam a22003497a 4500 | ||
|---|---|---|---|
| 003 | CHAP | ||
| 005 | 20220817044147.0 | ||
| 008 | 070423d2006 it d rn 00110 eng d | ||
| 010 | _a93530 | ||
| 011 | _a94502 | ||
| 020 | _a9251055335 | ||
| 035 | _a105093 | ||
| 040 | _cCHAP | ||
| 082 | 0 | 4 |
_a338.14 _bF41 |
| 110 | 2 | _aFAO | |
| 245 | 1 | 0 |
_aTrade reforms and food security: _bcountry case studies and synthesis _c/ed by Harmon Thomas |
| 260 |
_aRome : _bFAO, _c2006 |
||
| 300 |
_a615 p. : _bgráfs. ; cuad. ; tablas |
||
| 590 |
_aBATCH-UPD _b10 _c20130110 _lUCH01 _h0656 |
||
| 590 |
_aBATCH-UPD _b10 _c20130410 _lUCH01 _h0341 |
||
| 590 |
_aBATCH-UPD _b10 _c20130914 _lUCH01 _h0212 |
||
| 590 |
_aCONVERSION _b10 _c20130109 _lUCH01 _h1352 |
||
| 650 | 1 | 4 |
_aAlimentos _xAbastecimiento. |
| 650 | 1 | 4 |
_aAlimentos _xMercadeo. _94245 |
| 650 | 1 | 4 |
_aComercio. _925557 |
| 650 | 1 | 4 | _aPolítica económica. |
| 700 | 1 |
_aThomas, Harmon _eed. _9112831 |
|
| 901 | _aBK | ||
| 905 | _aMarco A. Mendoza T. | ||
| 942 | _cLIBRO | ||
| 949 |
_a338.14 F41 _bBC _cFAO _d33724002024785 _eFAO1 _gDonaciØn _h108575 _i105093 _sb |
||
| 999 |
_c93530 _d93530 |
||